000 00761cab a2200241 4500
001 WB3513-62
008 090401t1999 xxu||||| |||| 00| 0 eng d
035 _a(Sirsi) u92625
041 _aeng
245 _aAgenda for change
260 _c1999
350 _a0
490 _aRICS Agenda for Change Progress Report
_vApril 1999 (4)
520 _aFourth progress report on RICS Agenda for Change. Reviews the work of the various task forces to date.
650 _aAGENDA FOR CHANGE
650 _aABOUT RICS-RELATED ORGANISATIONS-INCORPORATED SOCIETY OF VALUERS AND AUCTIONEERS
650 _aMERGER
650 _aRICS
650 _aTASK FORCES
690 _aMANAGEMENT-BUSINESS MANAGEMENT-PROFESSIONAL PRACTICE
942 _n0
948 _c08/04/1999
999 _c58697
_d58697